| 000 | 00835cab a22002055a 4500 | ||
|---|---|---|---|
| 001 | L143195 | ||
| 008 | 080415e20080411xxk f 000 0 eng d | ||
| 035 | _a(Sirsi) u143195 | ||
| 041 | 0 | _aeng | |
| 100 | 1 | _aMayer, Peter | |
| 245 | 0 | 0 |
_aBuilding pathology _bwindow pains |
| 260 | _c2008 | ||
| 490 | 0 |
_aBuilding _v273(8524) 11 April 2008, 81(1) |
|
| 520 | _aLooks at the different ways that windows can fail and highlights prevention measures. Briefly covers ironmongery and fixings, glazing failures, moisture penetration around the window perimeter, surface mould, and defects associated with window framing materials. | ||
| 590 | _aKA | ||
| 651 | 4 |
_aUnited Kingdom _y |
|
| 690 | _aBUILT ENVIRONMENT-BUILDING ELEMENTS-PARTS OF BUILDING ELEMENTS-OPENINGS-WINDOWS | ||
| 690 | _aBUILT ENVIRONMENT-BUILDING PATHOLOGY | ||
| 942 | _n0 | ||
| 999 |
_c80087 _d80087 |
||